X/OPEN Portability Guide : Data Management

Guardado en:
Detalles Bibliográficos
Formato: Libro
Lenguaje:inglés
Publicado: Amsterdam : Elsevier, 1987
Materias:
Etiquetas: Agregar Etiqueta
Sin Etiquetas, Sea el primero en etiquetar este registro!

MARC

LEADER 00000nam a22000003a 4500
001 stu44708
005 20150408180228.4
008 950531s1987----ne------------------eng-d
020 |a 0-444-70178-8 
040 |a STU  |b slo 
041 0 |a eng 
044 |a ne 
080 |a 681.3.02 
245 |a X/OPEN Portability Guide :  |b Data Management 
260 |a Amsterdam :  |b Elsevier,  |c 1987 
300 |a Nestr 
650 7 |a databázy  |2 stusub 
650 7 |a programovanie  |2 stusub 
996 |b 284M025974  |c M*9228/5-1  |l MMKN  |s A  |a 24  |w stu44708_0001